00565nam a2200169 a 450000100060000000300090000600800410001504000280005608200170008411000290010124500980013026000530022830000080028165000420028965000420033165000220037314335CO-ViMGA141112s2004 ck r 000 u spa d aCO-ViMGAbspacCO-ViMGA04a574.529 M334 aMedio Ambiente. Bogotá10aManual guia de especies vegetales vedadas en via de extincion y de frecuente comercializacion aSantafé de Bogotá : bArtes Graficas, c1998 a33714aESPECIES VEGETALES - COMERCIALIZACION14aESPECIES VEGETALES - VIA DE EXTINCION14aTAXONOMIA VEGETAL